ბათუმის შოთა რუსთაველის სახელმწიფო უნივერსიტეტის ბიბლიოთეკა

ნოველები და მოთხრობები (ბიბ.ჩანაწერი № 42464)

000 -LEADER
fixed length control field 00702nam a2200205Ia 4500
001 - CONTROL NUMBER
control field 9160
003 - CONTROL NUMBER IDENTIFIER
control field GE_BSU
008 - FIXED-LENGTH DATA ELEMENTS--GENERAL INFORMATION
fixed length control field 181216s||||||||xx |||||||||||||| ||und||
040 ## - CATALOGING SOURCE
Transcribing agency GE_BSU
080 ## - UNIVERSAL DECIMAL CLASSIFICATION NUMBER
Universal Decimal Classification number 821-353.1-32
100 ## - MAIN ENTRY--PERSONAL NAME
Personal name ლომიძე,ანდრო
245 ## - TITLE STATEMENT
Title ნოველები და მოთხრობები
245 ## - TITLE STATEMENT
Statement of responsibility, etc. რედ:ირ.არაბული;მხატვ:ვ.ტოროტაძე;გ.გულისაშვილი
260 ## - PUBLICATION, DISTRIBUTION, ETC.
Place of publication, distribution, etc. თბილისი.
260 ## - PUBLICATION, DISTRIBUTION, ETC.
Name of publisher, distributor, etc. სახელგამი
260 ## - PUBLICATION, DISTRIBUTION, ETC.
Date of publication, distribution, etc. 1956
300 ## - PHYSICAL DESCRIPTION
Extent 185გვ;20სმ.
653 ## - INDEX TERM--UNCONTROLLED
Uncontrolled term ნოველები და მოთხრობები
942 ## - ADDED ENTRY ELEMENTS (KOHA)
Koha item type წიგნი
ეგზემპლარები
Withdrawn status Lost status Damaged status Not for loan Date acquired Barcode Date last seen Price effective from Koha item type Public note
        2018-12-17 31857 2018-12-17 2018-12-17 წიგნი  
        2018-12-17 31858 2018-12-17 2018-12-17 წიგნი  
        2018-12-17 31859 2018-12-17 2018-12-17 წიგნი  
        2018-12-17 41356 2018-12-17 2018-12-17 წიგნი აგრარული ტექ.ფაკ.